Southville International School and Colleges
Your cart is empty.
  • Cart
  • Lists
    Public lists Eva Luna New books Lux_list list_1
    Your lists Log in to create your own lists
  • Log in to your account
  • Your cookies
  • Search history
Southville International School and Colleges
  • Advanced search
  • Recent comments
  • Most popular
  • Libraries

Log in to your account

Log in with GOOGLE


If you do not have an external account, but do have a local account, you can still log in:

  1. Home
  2. MARC view: Learning to tell time :
Normal view MARC view ISBD view

Learning to tell time : (Record no. 102998)

[ view plain ]
MARC details
000 -LEADER
fixed length control field 00483nam a2200157 a 4500
005 - DATE AND TIME OF LATEST TRANSACTION
control field 20140412111247.0
008 - FIXED-LENGTH DATA ELEMENTS--GENERAL INFORMATION
fixed length control field 001116s19uu xx 00 eng d
020 ## - INTERNATIONAL STANDARD BOOK NUMBER
International Standard Book Number 0-939564-02-5
050 ## - LIBRARY OF CONGRESS CALL NUMBER
Classification number TR(GS 681.107
Item number Har297 19_?
100 ## - MAIN ENTRY--PERSONAL NAME
Personal name Harrison, Harriet
245 ## - TITLE STATEMENT
Title Learning to tell time :
Remainder of title ages 6 and up /
Statement of responsibility, etc Harriet Harrison.
260 ## - PUBLICATION, DISTRIBUTION, ETC. (IMPRINT)
Place of publication, distribution, etc Freeport, NY :
Name of publisher, distributor, etc Pen Notes Inc.
300 ## - PHYSICAL DESCRIPTION
Extent 10 p. ; col. ; ill.
650 ## - SUBJECT ADDED ENTRY--TOPICAL TERM
Topical term or geographic name as entry element Clock and watches -- Study and teaching
Holdings
Withdrawn status Lost status Damaged status Home library Current library Shelving location Date acquired Total Checkouts Full call number Barcode Date last seen Price effective from Koha item type
      Elizalde Library Elizalde Library Teachers Reference Section 11/16/2000   TR(GS 681.107 Har297 19_? E3548 04/12/2014 04/12/2014 Books

Learning to tell time :

APA

Harrison H., .Learning to tell time. Freeport, NY: Pen Notes Inc.

Chicago

Harrison Harriet, .Learning to tell time. Freeport, NY: Pen Notes Inc.

Harvard

Harrison H., .Learning to tell time. Freeport, NY: Pen Notes Inc.

MLA

Harrison Harriet, .Freeport, NY: Pen Notes Inc. .

  • Place hold
  • Print
  • Cite
  • Add to your cart (remove)
  • Save record
    BIBTEX Dublin Core MARCXML MARC (non-Unicode/MARC-8) MARC (Unicode/UTF-8) MARC (Unicode/UTF-8, Standard) MODS (XML) RIS
  • More searches
    Search for this title in:
    Other Libraries (WorldCat) Other Databases (Google Scholar) Online Stores (Bookfinder.com) Open Library (openlibrary.org)

Exporting to Dublin Core...

SOUTHVILLE LIBRARY

Southville International School and Colleges Library

1281 Tropical Ave. Cor. Luxembourg St., BF Homes International, Las Pinas City

Tel. No. 8256374 / 252358 Loc. 117/146

Powered by Koha